000 00575nam a22001697a 4500
003 UA-OsUOA
001 6769
007 ta
008 20040526b un ||||| |||| 00| 0 ukr d
942 _cSA
040 _aUA-OsUOA
_cUA-OsUOA
_dUA-OsUOA
245 _aУмови і оплата праці працівників установ, закладів та огранізацій фізичної культури та і спорту
300 _aС.11
955 _a0
773 0 _w0
_tПраця і зарплата
_dКиїв
_d2004
_g№19
650 7 _aОплата праці
_2UDC
999 _c292930
_d292930